| 000 | 00996cam a22002774a 4500 | ||
|---|---|---|---|
| 001 | 12907770 | ||
| 003 | OSt | ||
| 005 | 20150917103431.0 | ||
| 008 | 020827s2003 enk b 001 0 eng | ||
| 010 | _a 2002033933 | ||
| 020 | _a0582357403 | ||
| 040 |
_aDLC _cDLC _dDLC |
||
| 042 | _apcc | ||
| 050 | 0 | 0 |
_aG155.A1 _bB79 2003 |
| 082 | 0 | 0 |
_a338.4/791/0285 _221 |
| 100 | 1 | _aBuhalis, Dimitrios. | |
| 245 | 1 | 0 |
_aeTourism : _binformation technology for strategic tourism management / _cDimitrios Buhalis. |
| 260 |
_aHarlow, England : _bFinancial Times Prentice Hall, _c2003. |
||
| 300 |
_axxviii, 376 p. : _bill. , ; _c25 cm. |
||
| 504 | _aIncludes bibliographical references (p.353-366) and index. | ||
| 650 | 0 |
_aTourism _xInformation technology. |
|
| 650 | 0 |
_aTourism _xManagement. |
|
| 906 |
_a7 _bcbc _corignew _d1 _eocip _f20 _gy-gencatlg |
||
| 942 |
_2lcc _cBK |
||
| 999 |
_c95 _d95 |
||